Normal view
MARC view
Entry Personal Name
001 - CONTROL NUMBER
- control field: 61722
003 - CONTROL NUMBER IDENTIFIER
- control field: dpl
005 - DATE AND TIME OF LATEST TRANSACTION
- control field: 20240206110201.0
008 - FIXED-LENGTH DATA ELEMENTS
- fixed length control field: 240206|| aca||aabn | a|a d
040 ## - CATALOGING SOURCE
- Original cataloging agency: dpl
- Transcribing agency: dpl
100 ## - HEADING--PERSONAL NAME
- Personal name: अग्रवाल, डॉ शोभा
670 ## - SOURCE DATA FOUND
- Source citation: Work cat.: (dpl)200277: अग्रवाल, डॉ शोभा, विधार्थियों के लिए उपयोगी निबन्ध /, 2022
